[Event "AUTO-ADV-2082"]
[Site "http://www.queenalice.com/game.php?id=905279"]
[Date "2011.2.25"]
[Round "1"]
[White "jeancarlo1910"]
[Black "Dracon83"]
[Result "1-0"]
[WhiteElo "1803"]
[BlackElo "1808"]

1. e4 e5 2. Nc3 Nf6 3. Bc4 a6 4. Nf3 Nc6 5. a3 Nh5 6. d3 Na5 7. Bxf7+ Kxf7 8.
Nxe5+ Kg8 9. Qxh5 Qf6 10. Nd5 Qe6 11. Nf4 g6 12. Qg5 Be7 13. Nxe6 Bxg5 14. Nxg5
d6 15. Nef7 Kg7 16. Nxh8 Kxh8 17. f4 h6 18. Nf3 Bg4 19. b4 Bxf3 20. gxf3 Re8 21.
Bb2+ Kh7 22. bxa5 Rf8 23. Bc1 Kg7 24. h4 h5 25. f5 gxf5 26. Bg5 fxe4 27. fxe4
Re8 28. Rg1 Kf7 29. O-O-O Ke6 30. Bh6 Kd7 31. Rdf1 Kc6 32. Rg5 b5 33. Rxh5 Re5
34. Rff5 Rxf5 35. exf5 Kc5 36. f6+ Kc6 37. f7 b4 38. f8=Q bxa3 39. Qa8+ Kd7 40.
Bf4 Ke6 41. Qd5+ Kd7 42. Rh7+ Kc8 43. Qa8# 1-0

[Event "AUTO-OPEN-2300"]
[Site "http://www.queenalice.com/game.php?id=913895"]
[Date "2011.3.17"]
[Round "1"]
[White "kinggeorge"]
[Black "Dracon83"]
[Result "0-1"]
[WhiteElo "1326"]
[BlackElo "1806"]

1. d3 d5 2. e4 dxe4 3. d4 Nf6 4. d5 Nxd5 5. Bb5+ c6 6. Ba4 a6 7. c4 Nc7 8. Nd2
Qd4 9. Ne2 Qd3 10. Nf4 Qd4 11. Qh5 e3 12. Qa5 Qxf4 13. Nf3 exf2+ 14. Kxf2 Qd6
15. Re1 b5 16. cxb5 axb5 17. Qb6 bxa4 18. Re2 Bg4 19. h3 Bxf3 20. gxf3 Qh2+ 21.
Ke3 Qg1+ 22. Rf2 Nd5+ 23. Ke2 Nxb6 24. b4 e6 25. Be3 Qxa1 26. Bxb6 Qe5+ 27. Be3
Bxb4 28. f4 Qe4 29. a3 Bxa3 30. Rf1 O-O 31. Rd1 Na6 32. Rd4 Qg2+ 33. Kd3 Nc5+
0-1

[Event "AUTO-OPEN-2300"]
[Site "http://www.queenalice.com/game.php?id=913896"]
[Date "2011.3.17"]
[Round "1"]
[White "Dracon83"]
[Black "kinggeorge"]
[Result "1-0"]
[WhiteElo "1804"]
[BlackElo "1328"]

1. d4 e6 2. e4 Qf6 3. e5 Qf5 4. Bd3 Qf6 5. exf6 Nxf6 6. Bg5 Nd5 7. Qf3 f6 8. Be3
Nc6 9. c4 Ndb4 10. Qe2 h5 11. a3 Na6 12. d5 Ne5 13. dxe6 d6 14. Bf5 g6 15. e7
Bxf5 16. exf8=Q+ Kxf8 17. Bd4 Nd3+ 18. Kd2 Re8 19. Qf3 c5 20. Bxf6 Rh7 21. Nh3
Kf7 22. Qxb7+ Kg8 23. Qxa6 Kf7 24. Qxd6 Re6 25. Ng5+ Kxf6 26. Nxh7+ Kg7 27. Qd7+
Kh6 28. Qf7 Ne5 29. Qf8+ Kxh7 30. Qxc5 a6 31. Re1 a5 32. Rxe5 Rxe5 33. Qxe5 1-0

[Event "AUTO-OPEN-2300"]
[Site "http://www.queenalice.com/game.php?id=913915"]
[Date "2011.3.17"]
[Round "1"]
[White "Pantaleon"]
[Black "Dracon83"]
[Result "1-0"]
[WhiteElo "1503"]
[BlackElo "1681"]

1. e4 Nc6 2. d4 d5 3. e5 a6 4. h3 f6 5. Nf3 h5 6. c4 fxe5 7. cxd5 Nxd4 8. Nxd4
exd4 9. Qxd4 Nf6 10. Nc3 e6 11. Bd3 exd5 12. Bg6+ Ke7 13. O-O Be6 14. Bg5 Qd6
15. Rae1 b6 16. Nxd5+ Kd7 17. Nxf6+ gxf6 18. Bxf6 Qxd4 19. Bxd4 Rh6 20. Bc2 Re8
21. Be3 Rf6 22. Rd1+ Bd6 23. Bg5 Rff8 24. Bg6 1-0

[Event "AUTO-OPEN-2300"]
[Site "http://www.queenalice.com/game.php?id=913916"]
[Date "2011.3.17"]
[Round "1"]
[White "Dracon83"]
[Black "Pantaleon"]
[Result "1-0"]
[WhiteElo "1835"]
[BlackElo "1500"]

1. d4 d5 2. Nc3 Nf6 3. h3 Nc6 4. Bg5 h6 5. Bxf6 exf6 6. e4 Be6 7. exd5 Bxd5 8.
a3 Be7 9. f3 O-O 10. Be2 f5 11. Qd3 Bh4+ 12. Kd1 1-0

[Event "AUTO-ADV-2101"]
[Site "http://www.queenalice.com/game.php?id=913944"]
[Date "2011.3.17"]
[Round "1"]
[White "Jac"]
[Black "Dracon83"]
[Result "1-0"]
[WhiteElo "1947"]
[BlackElo "1749"]

1. e4 Nc6 2. Nf3 e5 3. Bb5 Nge7 4. d3 a6 5. Ba4 b5 6. Bb3 Bb7 7. Ng5 d5 8. O-O
f6 9. Ne6 Qd6 10. exd5 Nxd5 11. Nxf8 Rxf8 12. Be3 O-O-O 13. Nd2 Nde7 14. Ne4 Qd7
15. Nc5 Qd6 16. Nxb7 Kxb7 17. f3 Nf5 18. Bd2 g5 19. Qe2 Nfd4 20. Qf2 f5 21. Bxg5
Rde8 22. c3 Nxb3 23. axb3 e4 24. fxe4 fxe4 25. Qg3 exd3 26. Qxd6 Rxf1+ 27. Rxf1
cxd6 28. b4 Re2 29. Rd1 Re5 30. Bf4 Rd5 31. Kf2 Ne5 32. b3 Ng4+ 33. Kg3 h5 34.
h3 Nf6 35. Kf3 Kc7 36. c4 bxc4 37. bxc4 Rd4 38. c5 Kc6 39. g3 dxc5 40. bxc5 Kxc5
41. Be3 1-0

[Event "AUTO-ADV-2101"]
[Site "http://www.queenalice.com/game.php?id=913945"]
[Date "2011.3.17"]
[Round "1"]
[White "Dracon83"]
[Black "Jac"]
[Result "0-1"]
[WhiteElo "1805"]
[BlackElo "1904"]

1. d4 e6 2. e4 b6 3. Nc3 Bb4 4. Qd3 Bb7 5. a3 Bxc3+ 6. Qxc3 Bxe4 7. d5 Bxd5 8.
Nh3 Nf6 9. Nf4 Bb7 10. Be2 O-O 11. Qg3 Ne4 12. Qg4 Qf6 13. Nh5 Qg6 14. f3 Qxg4
15. fxg4 f5 16. gxf5 Rxf5 17. Ng3 Nxg3 18. hxg3 Bxg2 19. Rg1 Be4 20. g4 Rc5 21.
Bd3 Bxd3 22. cxd3 Nc6 23. Be3 Re5 24. Kd2 Rf8 25. Raf1 d5 26. d4 Re4 27. Rxf8+
Kxf8 28. b4 Nxd4 29. Bxd4 Rxd4+ 30. Kc3 Rf4 31. Kb3 b5 32. g5 d4 33. Kc2 g6 34.
Rg3 e5 0-1

[Event "AUTO-ADV-2101"]
[Site "http://www.queenalice.com/game.php?id=913958"]
[Date "2011.3.17"]
[Round "1"]
[White "Dracon83"]
[Black "johndavidtelker"]
[Result "1-0"]
[WhiteElo "1792"]
[BlackElo "1701"]

1. d4 Nf6 2. Nc3 d5 3. Bg5 Nbd7 4. g3 e6 5. h4 Be7 6. Bxf6 Nxf6 7. Nf3 c5 8. Qd3
cxd4 9. Qxd4 O-O 10. e4 dxe4 11. Qxd8 Rxd8 12. Ng5 b6 13. Ngxe4 Nxe4 14. Nxe4
Bb7 15. Bd3 Bf6 16. O-O-O Bd4 17. f4 Rd5 18. Rhe1 a5 19. c3 Bc5 20. Nxc5 Rxc5
21. Be4 Bd5 22. Rd4 f5 23. Bxd5 exd5 24. Re5 Rd8 25. Rxf5 Rd6 26. Kc2 b5 27. Kb3
g6 28. Re5 Kf7 29. a3 a4+ 30. Kb4 h5 31. Kxc5 1-0

[Event "AUTO-ADV-2101"]
[Site "http://www.queenalice.com/game.php?id=913959"]
[Date "2011.3.17"]
[Round "1"]
[White "johndavidtelker"]
[Black "Dracon83"]
[Result "0-1"]
[WhiteElo "1751"]
[BlackElo "1756"]

1. e4 Nc6 2. Nf3 e5 3. Bc4 Nf6 4. Qe2 a6 5. O-O b5 6. Bb3 Bb7 7. c3 h6 8. d4
exd4 9. cxd4 d5 10. exd5+ Ne7 11. Nc3 Bxd5 12. Re1 b4 13. Nxd5 Nxd5 14. Bd2 c6
15. Rac1 Qd6 16. Ne5 h5 17. Nxc6 Rc8 18. Bxd5 a5 19. Nxe7 Kd7 20. Qe5 Qxe5 21.
Rxe5 Rxc1+ 22. Bxc1 Bxe7 23. Bxf7 Bf6 24. Rd5+ Ke7 25. Bxh5 Ra8 26. Bf3 Rc8 27.
Be3 Rc2 28. Rxa5 Rxb2 29. Bd5 Rb1+ 0-1

[Event "AUTO-ADV-2101"]
[Site "http://www.queenalice.com/game.php?id=913960"]
[Date "2011.3.17"]
[Round "1"]
[White "Dracon83"]
[Black "Agildo"]
[Result "0-1"]
[WhiteElo "1838"]
[BlackElo "1869"]

1. d4 d5 2. Nf3 Nf6 3. h3 c5 4. c3 e6 5. dxc5 Bxc5 6. Ne5 O-O 7. b4 Bd6 8. Ng4
a6 9. Bg5 Be7 10. f3 Nc6 11. Nxf6+ Bxf6 12. Bxf6 Qxf6 13. e3 b5 14. Bd3 Ne5 15.
f4 Nc4 16. Bxc4 dxc4 17. O-O Bb7 18. Qd4 Qxd4 19. exd4 Rad8 20. Nd2 f6 21. Rae1
Rd6 22. g4 Re8 23. Nf3 Bxf3 24. Rxf3 Kf7 25. f5 g6 26. fxg6+ hxg6 27. h4 f5 28.
h5 Kg7 29. g5 Rd5 30. Re5 Rxe5 31. dxe5 gxh5 32. Rf2 Rd8 33. Kg2 Rd3 34. Rf3 Kg6
35. Kf2 Kxg5 36. Rg3+ Rxg3 37. Kxg3 f4+ 38. Kf3 Kf5 39. a3 Kxe5 40. Kg2 Ke4 0-1

[Event "AUTO-ADV-2101"]
[Site "http://www.queenalice.com/game.php?id=913961"]
[Date "2011.3.17"]
[Round "1"]
[White "Agildo"]
[Black "Dracon83"]
[Result "0-1"]
[WhiteElo "1833"]
[BlackElo "1856"]

1. d4 d5 2. c4 dxc4 3. Nc3 e6 4. e4 Bb4 5. Bxc4 Bxc3+ 6. bxc3 a6 7. Nf3 b5 8.
Bd3 h6 9. O-O Nd7 10. Ba3 Bb7 11. Re1 Ngf6 12. h3 g6 13. e5 Nd5 14. Qc2 Nf4 15.
Be4 Bxe4 16. Qxe4 Nd5 17. Nh4 Rg8 18. Re3 Nxe3 19. fxe3 f5 20. Qc6 Kf7 21. d5
Re8 22. dxe6+ Rxe6 23. Qd5 Nxe5 24. Qc5 Qxh4 25. Qxc7+ Kf6 26. Qb7 Rae8 27. Rd1
Nc4 28. Rd7 Qe1+ 29. Kh2 Nxa3 30. Rf7+ Kg5 31. Qf3 Rxe3 32. Qc6 Qg3+ 0-1

[Event "AUTO-OPEN-2226"]
[Site "http://www.queenalice.com/game.php?id=923535"]
[Date "2011.4.8"]
[Round "2"]
[White "Dracon83"]
[Black "clovis"]
[Result "0-1"]
[WhiteElo "1759"]
[BlackElo "2024"]

1. d4 d5 2. Bf4 Bf5 3. Nc3 Nf6 4. h3 e6 5. g4 Bg6 6. h4 h5 7. g5 Ne4 8. Qd3 c6
9. Qf3 Bb4 10. a3 Nxc3 11. bxc3 Be4 12. Qh3 Bxh1 13. Qxh1 Bxc3+ 14. Bd2 Bxa1 15.
Qh3 Bxd4 16. c3 Qb6 17. e3 Qb1+ 18. Ke2 Bc5 19. f4 Nd7 20. Kf2 O-O-O 21. Nf3
Rhe8 22. Kg3 Qe4 23. Kf2 Qxf4 24. Qg3 Qxg3+ 25. Kxg3 Bxa3 26. Bd3 e5 27. Bf5 Kc7
28. g6 fxg6 29. Bxg6 Nf6 30. Bxe8 Rxe8 31. Ng5 Ne4+ 32. Nxe4 dxe4 33. Kf2 Rd8
34. Ke2 Rd3 0-1

[Event "AUTO-OPEN-2226"]
[Site "http://www.queenalice.com/game.php?id=923536"]
[Date "2011.4.8"]
[Round "2"]
[White "clovis"]
[Black "Dracon83"]
[Result "1-0"]
[WhiteElo "2029"]
[BlackElo "1754"]

1. e4 Nc6 2. d4 d5 3. e5 f6 4. Bd3 fxe5 5. dxe5 g6 6. c3 Nxe5 7. Nf3 Bg4 8. Qa4+
Nc6 9. Ne5 Bd7 10. Nxg6 Ne5 11. Qc2 Bg7 12. Nxe5 Bxe5 13. Bxh7 Be6 14. Bg6+ Kf8
15. Bg5 Bf6 16. f4 Nh6 17. Bxf6 exf6 18. f5 Bd7 19. O-O Qe7 20. Nd2 Qc5+ 21. Kh1
d4 22. Ne4 Qe5 23. cxd4 Qxd4 24. Rad1 Qa4 25. Qc3 Qb5 26. Qxf6+ Kg8 27. Qe7 Rf8
28. Nf6+ Rxf6 29. Qxf6 a5 30. Qd8+ Kg7 31. Qxd7+ Qxd7 32. Rxd7+ Kf6 33. Rh7 Rxh7
34. Bxh7 1-0

[Event "AUTO-OPEN-2226"]
[Site "http://www.queenalice.com/game.php?id=923537"]
[Date "2011.4.8"]
[Round "2"]
[White "Dracon83"]
[Black "michas"]
[Result "0-1"]
[WhiteElo "1741"]
[BlackElo "1842"]

1. d4 a6 2. e4 b5 3. Be3 Bb7 4. d5 Nf6 5. Bd3 e6 6. dxe6 dxe6 7. f3 c5 8. b3
Qa5+ 9. c3 Nc6 10. Bd2 Bd6 11. Bg5 Be7 12. Ne2 Qb6 13. a3 O-O 14. Qd2 Rad8 15.
c4 Ne5 16. Nc1 Nxd3+ 17. Nxd3 bxc4 18. bxc4 Nxe4 19. fxe4 Bxg5 20. Qxg5 Rxd3 21.
O-O Qb2 22. Nd2 Rxd2 23. h3 Bxe4 24. Qxd2 Qxd2 0-1

[Event "AUTO-OPEN-2226"]
[Site "http://www.queenalice.com/game.php?id=923538"]
[Date "2011.4.8"]
[Round "2"]
[White "michas"]
[Black "Dracon83"]
[Result "1-0"]
[WhiteElo "1853"]
[BlackElo "1772"]

1. g4 d5 2. Bg2 Bxg4 3. c4 Nf6 4. cxd5 Nxd5 5. Qb3 c6 6. Qxb7 Nc7 7. Bxc6+ Nxc6
8. Qxc6+ Bd7 9. Qg2 a5 10. Nc3 e5 11. d3 Qf6 12. Nd5 Nxd5 13. Qxd5 Bc6 14. Qc4
Bxh1 15. Qb5+ Bc6 16. Qc4 Rc8 17. Qa6 Ra8 18. Qc4 Bb4+ 19. Kf1 O-O 20. a3 Be7
21. Be3 Rac8 22. Qg4 1-0